Chargement en cours...
Lawrence Durell
| Auteur principal: | |
|---|---|
| Format: | Printed Book |
| Publié: |
London, Longman Group Ltd
1970
|
| Collection: | Writers and their work
|
| Sujets: |
| LEADER | 005560000a22001930004500 | ||
|---|---|---|---|
| 022 | |a 27-07-2004 | ||
| 041 | |a English | ||
| 082 | |a 823.009 FRA/L LO | ||
| 100 | |a Fraser, G S | ||
| 245 | |a Lawrence Durell | ||
| 260 | |a London, Longman Group Ltd | ||
| 260 | |c 1970 | ||
| 490 | |a Writers and their work |c 216 | ||
| 650 | |a Criticism | ||
| 650 | |a English literature | ||
| 650 | |a Novel | ||
| 942 | |c BK | ||
| 999 | |c 145961 |d 145957 | ||
| 952 | |0 0 |1 0 |4 0 |6 823_009000000000000_FRA_L_LO |7 0 |9 144734 |a SCC |b SCC |d 2017-10-11 |l 0 |o 823.009 FRA/L LO |p SCC01186 |r 2017-10-11 |w 2017-10-11 |y BK | ||